| 000 | 00682nam a2200217 a 4500 | ||
|---|---|---|---|
| 999 |
_c7938 _d7938 |
||
| 001 | 7938 | ||
| 003 | BD-JhCC | ||
| 005 | 20180215164004.0 | ||
| 008 | 180215s1964 bg a|||| |||| 000 0 ben d | ||
| 035 | _a(BD-JhCC)7938 | ||
| 040 |
_aBD-JhCC _dBD-JhCC |
||
| 041 | _aben | ||
| 082 |
_a796.332 _bALI 1964 |
||
| 100 | _aআলিম, কাজী আবদুল | ||
| 245 |
_aফুটবলের ছলাকলা / _cকাজী আবদুল আলিম, এম. এ |
||
| 260 |
_aঢাকা : _bস্পোর্টস্ পাবলিকেশান্স, _c1964. |
||
| 300 |
_a162 p. : _billus., _c21 cm. |
||
| 650 | _aFootball | ||
| 942 |
_2ddc _cBK |
||